Les Meilleurs buteurs de la Ligue 1 2011-2012 - Statistiques

Statistiques générales
  • Ce quiz a été pris 50 fois
  • Le résultat moyen est 7 sur 10
Statistiques - réponses
Buts Nationalité Club Joueur % Correct
16 Gabon AS Saint-Étienne Pierre-Emerick Aubameyang
100%
20 Belgique Lille OSC Eden Hazard
98%
21 France Montpellier HSC Olivier Giroud
98%
16 Argentine Olympique lyonnais Lisandro López
82%
21 Brésil Paris SG Nenê
82%
14 France Olympique lyonnais Bafétimbi Gomis
69%
13 Argentine Paris SG Javier Pastore
61%
12 Maroc Montpellier HSC Younes Belhanda
61%
12 France Olympique de Marseille Loïc Rémy
35%
14 France Girondins de Bordeaux Yoan Gouffran
20%
Aucun quiz correspondant
Distribution des résultats
% des personnes avec chaque résultat
Percentile par nombre de réponses
Votre historique - résultats
Vous n’avez pas pris ce quiz